000
00315nam a2200121Ia 4500
008
190216s9999||||xx |||||||||||||| ||und||
100
_a
Subrahmanyam.N
245
0
_a
Introduction To Computers
260
_b
Tata Mcgraw Hill Publishing Company Ltd
_c
1989
300
_a
315 p
650
_a
Computer Science
942
_c
BK
999
_c
8499
_d
8499